The rise of ersatz capitalism in South-East Asia

Wedi'i Gadw mewn:
Manylion Llyfryddiaeth
Prif Awdur: Yoshihara, Kunio
Fformat: Llyfr
Iaith:Undetermined
Cyhoeddwyd: Singapore Oxford University Press 1988
Pynciau:
Tagiau: Ychwanegu Tag
Dim Tagiau, Byddwch y cyntaf i dagio'r cofnod hwn!
Thư viện lưu trữ: Trung tâm Học liệu Trường Đại học Cần Thơ
LEADER 00532nam a2200193Ia 4500
001 CTU_93524
008 210402s9999 xx 000 0 und d
082 |a 330.959 
082 |b Y65 
100 |a Yoshihara, Kunio 
245 4 |a The rise of ersatz capitalism in South-East Asia 
245 0 |c Yoshihara Kunio 
260 |a Singapore 
260 |b Oxford University Press 
260 |c 1988 
650 |a Capitalism 
650 |z Asia, southeastern 
904 |i Bằng 
980 |a Trung tâm Học liệu Trường Đại học Cần Thơ